<The> Comparative Study of Cultural Differenes of Slovak Inbound Tourists: A Need of Innovations
Komparatívna analýza vybraných krajín (Slovensko, Česko. Poľsko, Nemecko, Rakúsko).
Uložené v:
| Hlavný autor: | |
|---|---|
| Ďalší autori: | |
| Médium: | Kapitola |
| Jazyk: | English |
| Predmet: | |
| Tagy: |
Žiadne tagy, Buďte prvý, kto otaguje tento záznam!
|
MARC
| LEADER | 00000naa a2200000 4500 | ||
|---|---|---|---|
| 001 | 0228747 | ||
| 005 | 20240502073749.6 | ||
| 041 | 0 | |a eng | |
| 044 | |a SK | ||
| 245 | 1 | 0 | |a <The> Comparative Study of Cultural Differenes of Slovak Inbound Tourists: A Need of Innovations |c Iveta Fodranová, Viera Kubičková |
| 520 | |a Komparatívna analýza vybraných krajín (Slovensko, Česko. Poľsko, Nemecko, Rakúsko). | ||
| 610 | 2 | 0 | |a ruch cestovný |
| 610 | 2 | 0 | |a Slovensko |
| 610 | 2 | 0 | |a Rakúsko |
| 610 | 2 | 0 | |a Poľsko |
| 610 | 2 | 0 | |a Nemecko |
| 610 | 2 | 0 | |a Česko |
| 610 | 2 | 0 | |a inovácia |
| 610 | 2 | 0 | |a zvyklosti kultúrne |
| 610 | 2 | 0 | |a analýza komparatívna |
| 100 | 1 | |a Fodranová, Iveta, 1959- | |
| 700 | 1 | |a Kubičková, Viera, 1970- | |